00294nam a2200109Ia 4500008004100000041000800041082001500049100001200064245006200076260003600138300001000174220803s9999 xx 000 0 und d aeng a891.46 JOS aJoshi V aShriguru Sakhare Maharaj Sapradayik Satip Shridnyaneswari aPunebYashodhan Prakashanc2017 a1030p